| 000 -LEADER | |
|---|---|
| fixed length control field | 00385nam a22001697a 4500 |
| 005 - DATE AND TIME OF LATEST TRANSACTION | |
| control field | 20160629115147.0 |
| 008 - FIXED-LENGTH DATA ELEMENTS--GENERAL INFORMATION | |
| fixed length control field | 160629b xxu||||| |||| 00| 0 eng d |
| 020 ## - INTERNATIONAL STANDARD BOOK NUMBER | |
| ISBN | 81-85749-54-X |
| 041 ## - LANGUAGE CODE | |
| Language code of text/sound track or separate title | eng |
| 082 ## - DEWEY DECIMAL CLASSIFICATION NUMBER | |
| Item number | 11931 |
| 100 ## - MAIN ENTRY--AUTHOR NAME | |
| Personal name | Upadhyay,A.K |
| 245 ## - TITLE STATEMENT | |
| Title | Applied Mechanics |
| 260 ## - PUBLICATION, DISTRIBUTION, ETC. (IMPRINT) | |
| Name of publisher | Katson |
| Year of publication | 2012 |
| 300 ## - PHYSICAL DESCRIPTION | |
| Number of Pages | 413 |
| 650 ## - SUBJECT ADDED ENTRY--TOPICAL TERM | |
| Topical Term | Diploma Engineering |
| 942 ## - ADDED ENTRY ELEMENTS (KOHA) | |
| Koha item type | Books |
| Lost status | Damaged status | Collection code | Home library | Current library | Shelving location | Date acquired | Cost, normal purchase price | Full call number | Accession Number | Koha item type |
|---|---|---|---|---|---|---|---|---|---|---|
| MINING | JRU Library | JRU Library | SHELF-58-A | 29/06/2016 | 175.00 | 11931 | 11931 | Books | ||
| MINING | JRU Library | JRU Library | SHELF-58-A | 29/06/2016 | 175.00 | 11931 | 11932 | Books | ||
| JRU Library | 29/06/2016 | 175.00 | 11931 | 11933 | Books | |||||
| JRU Library | SHELF-46-M | 29/06/2016 | 175.00 | 11931 | 11934 | Books | ||||
| JRU Library | SHELF-46-M | 29/06/2016 | 175.00 | 11931 | 11935 | Books | ||||
| JRU Library | SHELF-46-N | 29/06/2016 | 175.00 | 11931 | 11936 | Books | ||||
| JRU Library | SHELF-46-M | 29/06/2016 | 175.00 | 11931 | 11937 | Books | ||||
| JRU Library | 29/06/2016 | 175.00 | 11931 | 11938 | Books | |||||
| JRU Library | SHELF-46-M | 29/06/2016 | 175.00 | 11931 | 11939 | Books | ||||
| MINING | JRU Library | JRU Library | SHELF-58-A | 29/06/2016 | 175.00 | 11931 | 11940 | Books | ||
| JRU Library | SHELF-46-M | 29/06/2016 | 175.00 | 11931 | 11941 | Books | ||||
| JRU Library | SHELF-46-N | 29/06/2016 | 175.00 | 11931 | 11942 | Books | ||||
| JRU Library | SHELF-46-L | 29/06/2016 | 175.00 | 11931 | 11943 | Books | ||||
| JRU Library | SHELF-46-N | 29/06/2016 | 175.00 | 11931 | 11944 | Books | ||||
| MINING | JRU Library | JRU Library | SHELF-58-A | 29/06/2016 | 175.00 | 11931 | 11945 | Books | ||
| JRU Library | SHELF-46-M | 29/06/2016 | 175.00 | 11931 | 11946 | Books | ||||
| MINING | JRU Library | JRU Library | SHELF-58-A | 29/06/2016 | 175.00 | 11931 | 11947 | Books | ||
| JRU Library | SHELF-46-L | 29/06/2016 | 175.00 | 11931 | 11948 | Books | ||||
| JRU Library | 29/06/2016 | 175.00 | 11931 | 11949 | Books | |||||
| JRU Library | SHELF-46-N | 29/06/2016 | 175.00 | 11931 | 11950 | Books |